000 00325 a2200157 4500
001 164799
020 _a
040 _cMagnum
100 _aPuntoni, Pedro
240 1 0 _aA guerra dos holandeses
_lpor
245 1 0 _aA guerra dos holandeses
362 0 _a1899
440 1 _aÁtica
697 _aPARADIDATICO
942 _cBK
999 _c164799
_d164799